Принципы и методы прогноза скрытых месторождений меди, никеля и кобальта

ग्रंथसूची विवरण
अन्य लेखक: Бородаевская М. Б. Мария Борисовна, Кривцов А. И. Анатолий Иванович, Лихачев А. П. Александр Петрович, Мигачев И. Ф.
भाषा:रूसी
प्रकाशित: Москва, Недра, 1987
विषय:
स्वरूप: MixedMaterials पुस्तक
KOHA link:https://koha.lib.tpu.ru/cgi-bin/koha/opac-detail.pl?biblionumber=47377

MARC

LEADER 00000nam0a2200000 4500
001 47377
005 20231031030046.0
035 |a (RuTPU)RU\TPU\book\49477 
090 |a 47377 
100 |a 20030206d1987 km y0rusy50 ca 
101 0 |a rus 
102 |a RU 
105 |a a z 001zy 
200 1 |a Принципы и методы прогноза скрытых месторождений меди, никеля и кобальта  |f М. Б. Бородаевская, А. И. Кривцов, А. П. Лихачев, И. Ф. Мигачев 
210 |a Москва  |c Недра  |d 1987 
215 |a 246 с.  |c ил. 
320 |a Библиогр.: с. 243-244 
610 1 |a геология 
610 1 |a месторождения 
610 1 |a медь 
610 1 |a никель 
610 1 |a кобальт 
610 1 |a металлогения 
610 1 |a картирование 
610 1 |a прогнозы 
675 |a 553.4.04  |v 3 
701 1 |a Бородаевская  |b М. Б.  |g Мария Борисовна 
701 1 |a Кривцов  |b А. И.  |g Анатолий Иванович 
701 1 |a Лихачев  |b А. П.  |g Александр Петрович 
701 1 |a Мигачев  |b И. Ф. 
801 1 |a RU  |b 63413507  |c 20030206  |g PSBO 
801 2 |a RU  |b 63413507  |c 20141023  |g PSBO 
942 |c BK